Statistiques concernant Les 10 meilleurs buteurs en 2013.

Cliquez ici pour prendre le quiz!

Statistiques générales

  • Ce quiz a été pris 178 fois
  • Le résultat moyen est 7 sur 10

Statistiques - réponses

ButsJoueursClubs% Correct
69Cristiano RonaldoReal
100%
45Lionel MessiBarca
100%
47Zlatan IbrahimovicPSG
93%
41Edinson CavaniNapoli/ PSG
92%
32Sergio AgueroMan City
88%
39Robert LewandowskiDortmund
79%
42Luis SuarezLiverpool
78%
33Robin Van PersieMan United
52%
36Diego CostaAtletico
31%
38Alvaro NegredoSeville/ Man City
18%

Distribution des résultats

Percentile par nombre de réponses

% des personnes avec chaque résultat

Votre développement - résultats

Vous n’avez pas pris ce quiz